MDQL
is popping MORE tags! Check the
thread
!
Quizzes
Events
Quiz Creation
Community
Videos
Private Events
Remove Ads
Sign In
Join for FREE
Feedback
Dark Mode
Quiz Categories
Sports
Geography
Music
Movies
Television
Just For Fun
Miscellaneous
History
Literature
Language
Science
Gaming
Entertainment
Religion
Holiday
For Kids
Quiz Lab
Recent
Popular Today
Quiz Kudos Today
Editor Picks
Curator Picks
Quizzes by...
Day
Popularity
Type
Ratings
Length
Year
Community
Subscriptions
Recent Discussions
Orange Saloon
Badges
Playlists
Quests
Create
Leaderboards
Showdown
Live 5
Trivia Bingo
Activity
Puzzle Library
Sporcle Events
Private Events
Virtual Trivia
Globe League
Become a Host
Pub Owners
SporcleCon
Opinionation
Our Games
Videos
Blog
Mobile Apps
Partnerships
Remove Ads and Go Orange
Feedback
Television
TV Characters
TV Show
Sitcom
Network
Friends
Reality Shows
Cast
South Park
Star Trek
The Simpsons
Doctor Who
Television
TV Characters
TV Show
Sitcom
Network
Friends
Reality Shows
Cast
South Park
Star Trek
The Simpsons
Doctor Who
Random Quiz
Search Sporcle
×
Quiz Lab
Quiz Lab
Television
The Simpsons
Type in answers that appear in a list
Type in answers that appear in a list
Classic
Best Score? Go Orange.
Figure Out The Lyrics - Simpsons Stats
Can you name the lyrics of a Simpsons song with no help whatsoever?
By
cappy
10m
147 Questions
518 Plays
518 Plays
518 Plays
Comments
Comments
Give Quiz Kudos
Give Quiz Kudos
-
- Ratings
hide this ad
Replay
Link that replays current quiz
Next Quiz
Link to next quiz in quiz playlist
You Got
0%
They Got
Avg Score
61%
Avg Friend Score
Upgrade to see
Score Distribution
Jump to the score distribution portion of the page
Score
0/147
Timer
10:00
0
Plays Today
Lyric
% Correct
The
97.3%
a
97.3%
the
97.3%
I
92.9%
an
82.6%
you
78.2%
is
76.3%
my
76.1%
my
76.1%
my
76.1%
My
76.1%
my
76.1%
on
76.1%
my
76.1%
my
76.1%
my
76.1%
my
76.1%
my
76.1%
my
76.1%
my
76.1%
my
76.1%
my
76.1%
my
76.1%
be
75.3%
it
74.5%
It
74.5%
It
74.5%
for
73.2%
for
73.2%
for
73.2%
for
73.2%
See
72.6%
see
72.6%
See
72.6%
See
72.6%
see
72.6%
See
72.6%
See
72.6%
See
72.6%
see
72.6%
from
71%
vest,
70.5%
vest,
70.5%
vest,
70.5%
vest,
70.5%
vest.
70.5%
vest,
70.5%
vest,
70.5%
vest!
70.5%
Lyric
% Correct
vest!
70.5%
no
69.9%
real
68.9%
gorilla
68.5%
that
68.3%
that
68.3%
chest.
68.1%
Made
67.6%
Like
67.4%
like
67.4%
So
67%
I'm
64.3%
this
63.5%
this
63.5%
or
63.5%
or
63.5%
But
62.7%
of
62.5%
was
62.5%
are
62.2%
two,
61%
loafers?
61%
two
61%
one
60%
really
59.8%
hat,
59.7%
Former
59.5%
cat
58.7%
I've
58.5%
gophers
58.5%
Some
58.3%
good.
58.1%
would
58.1%
thing
57.7%
won't
57.7%
Oh
57.1%
only
56.6%
bear
56.4%
please,
56.2%
underwear,
55.8%
best.
55.8%
looks
55.6%
bat
55.6%
Grizzly
55.4%
rhino.
55.2%
outfit
55%
got
55%
'twas
54.8%
endangered
54.2%
Lyric
% Correct
vampire
53.9%
skin
53.7%
poodle,
53.5%
share,
53.3%
dogs,
53.1%
men
52.7%
Than
52.7%
others
52.5%
These
52.5%
noodle
52.5%
these
52.5%
hunt
52.3%
hunt
52.3%
Irish
52.3%
African
52.3%
there's
51.9%
sport,
51.5%
setter.
51.5%
food.
51.2%
better
51.2%
sweater,
51%
matching
50.8%
hunting
50.6%
suit,
50.4%
wear
50.2%
authentic
50%
greyhound
50%
tuxedo
50%
albino
49.8%
breast
49.8%
clogs.
49.8%
comes
49%
fur
48.6%
evening
48.3%
robin
48.3%
red
47.9%
necks,
47.5%
slippers
47.3%
Turtles
45.8%
let's
44.6%
kill
44.6%
rest.
43.1%
shall
41.9%
white
41.3%
chauffeurs,
40%
prepare
40%
Beret
36.1%
Try
34.6%
Feel
29.3%
Quiz Playlist
Details
Report
Send in Message
Add To Playlist
Classic:
Type in answers that appear in a list
Last Updated: Feb 16, 2017
Quiz Scoreboard
CHALLENGE
Sign Up to Join the Scoreboard
Show All
Scores
Hide
Comments
May contain spoilers
Recently Published
Street Fighter Characters
by Artimus82
Gaming
60s
9x9 Crossword: Cartoon Network
by jackfrog10
Miscellaneous
3m
College Basketball Coaching Resumes
by pancakes188
Sports
9m
More to Explore
Quiz From the Vault
Featured Blog Post
Where Did the Easter Bunny Come From?
hide this ad
You Might Also Like...
Tags
Lyrics Quiz
Song Quiz
The Simpsons Quiz
Figure Out the Lyrics
Today's Top Quizzes in Television
Browse Television
hide this ad
Today's Top Quizzes in The Simpsons
Browse The Simpsons
Top Contributed Quizzes in Television
1
5-to-1: The Simpsons Families
2
Adjectives in 80s TV Shows
3
Adjectives in 00s TV Shows
4
Survivor Journey Challenge
5
5-to-1: Television Doctors
6
7-to-1: TV Show Settings
7
Adjectives in 10s TV Shows
8
5-to-1: Streaming Originals
9
Survivor Seasons
10
Adjectives in 70s TV Shows
Explore More
Trending Topics
Anime
Marvel
Kpop
Harry Potter
NBA
Crossword
Disney
Song
Pokémon
Country
The Office
Puzzle
NFL
Soccer
WWE
hide this ad
More By:
cappy
Quiz
Plays
Rating
Category
Featured
Created
Figure Out The Lyrics - Simpsons
518
5.00
Television
Dec 11, 2011
Video Game Cryptograms
262
3.22
Gaming
Oct 3, 2010
Go to Creator's Profile
Score Distribution
Quiz Creator Spotlight
cappy
Follow
Send a Message
Quizzes Created
-
Created Quiz Play Count
-
More By This Creator
Popular Quizzes Today
1
Find the US States - No Outlines Minefield
2
Find the Countries of Europe - No Outlines Minefield
3
The Countries of the World
4
Find the US States
5
Risky Map Clicking: Biggest States A-Z
6
US States
7
Popular People in 1961
8
Movies - When Are They Set?
More Television Quizzes
LOST: Faceless Characters
Curator's Pick
Trending Quizzes
Risky Map Clicking: Least Populous States A-Z
Billboard Blitz: Aretha Franklin
Famous Russians: Author or Composer?
1-10 Letter G Words
Countries of the World: 200 Million BC
Recently Updated
Leaping Animals
pecheneg
Reality TV Shows (A-Z)
bhenderson79
Rickey Henderson's Hall of Fame Teammates
pecheneg
Champions League XIs: Arsenal
pecheneg
Quick Pick: Celebrities in WWE's Hall of Fame
aduchscher
A-Z Keypad Blitz II
pecheneg
Multiple Oscar Actors
pecheneg
Mystery Phrase Blitz: Oscar 'Best Actors'
pecheneg
F. Scott Fitzgerald Novels
LTH
Pick 3 Villains
ddd62291
Trending Topics
Anime
Crossword
Marvel
Disney
Kpop
Harry Potter
NBA
Pokémon
The Office
Country
WWE
Song
Soccer
Puzzle
NFL
Your Account Isn't Verified!
In order to create a playlist on Sporcle, you need to verify the email address you used during registration. Go to your
Sporcle Settings
to finish the process.
Report this User
Report this user for behavior that violates our
Community Guidelines
.
Details:
Send Report
Go to the Sporcle.com Mobile Site →
Comments